000 00523nam a2200205Ia 4500
001 15009
003 GE_BSU
008 181216s||||||||xx |||||||||||||| ||und||
040 _cGE_BSU
080 _a51(092)
100 _aБородин,А.И.
245 _aСоветские математики
245 _cРед.Н.А.Пауков
260 _aДонецк
260 _bВища школа
260 _c1982
300 _a132стр.20см.
653 _aСоветские математики
942 _cBK
999 _c48128
_d48128